| 000 | 00617nam a22001937a 4500 | ||
|---|---|---|---|
| 005 | 20180831113405.0 | ||
| 010 | _aENG-123942 | ||
| 020 |
_a9780199481699 _c995.00 |
||
| 035 | _aEN-107474 | ||
| 037 | _bDBAD/PUB | ||
| 082 | _a345.540231 | ||
| 100 | _aSingh, Anushka | ||
| 245 |
_aSedition in liberal democracies / _cby Anushka Singh |
||
| 260 |
_c2018 _aNew Delhi _bOxford University Press |
||
| 270 |
_a2/11, Ground Floor, Ansari Road, Daryaganj, _bNew Delhi _e110002 |
||
| 300 |
_c22cm(Hb) _axii,391p. |
||
| 500 | _aIt includes bibliography and index | ||
| 942 |
_cEN _2ddc _mSIN _h345.540231 |
||
| 999 |
_c156746 _d156746 |
||